000 00854nam a2200181 a 4500
008 120416s1964 ||||||||||||||||| || u
050 _aQD 461 Spi
100 _aSpice, J. E
245 1 0 _aChemical binding and structure
260 _aOxford
_bPergamon Press
_c1964
300 _axiii, 395p. : ill.
350 _a0.00
490 _aThe Commonwealth international library of science, technology, engineering and liberal studies. Intermediate chemistry division, v. 2
650 0 _aCHEMISTRY--HANDBOOKS, MANUALS, ETC
650 _aCHEMICAL BONDS
995 _aMAIN LIBRARY OPEN ACCESS
_D0.00
_e717257
_FCBU-MAIN LIBRARY (Kitwe)
_H2
_I4.40
_jQD 461 Spi
_ULOST
_y012474
_ZMain Library Open Access Collection
995 _aMAIN LIBRARY OPEN ACCESS
_D0.00
_e717256
_FCBU-MAIN LIBRARY (Kitwe)
_H1
_I4.40
_jQD 461 Spi
_UAVAILABLE
_y012475
_ZMain Library Open Access Collection
999 _c78165
_d78165